| 000 | 00864nam a22001817a 4500 | ||
|---|---|---|---|
| 999 |
_c62380 _d62380 |
||
| 003 | Ge_BSU | ||
| 005 | 20241018134809.0 | ||
| 008 | 241018s1989 ge ||||| |||| 00| 0 geo d | ||
| 041 | _ageo | ||
| 080 | _a617.7(038) ა-48 | ||
| 100 |
_aალექსიძე, ალექსანდრე _917051 |
||
| 245 |
_aოფთალმოლოგიის განმარტებითი ლექსიკონი : _bქართულ-რუსული-ინგლისურ-ფრანგულ-გერმანულ-ლათინური / _c ალექსანდრე ალექსიძე. |
||
| 264 |
_aთბილისი : _bგანათლება, _c1989. |
||
| 300 |
_a600 გვ. ; _b22 სმ. |
||
| 653 | _aოფთალმოლოგია | ||
| 653 | _aმედიცინა | ||
| 942 |
_2udc _cᲬᲘᲒᲜᲘ |
||